NFL Teams with 0 MVP Awards - Statistics

General Stats
  • This quiz has been taken 113 times
  • The average score is 7 of 8
Answer Stats
Team % Correct
Houston Texans
91%
Jacksonville Jaguars
91%
Arizona Cardinals
88%
New York Jets
86%
Tampa Bay Buccaneers
84%
Philadelphia Eagles
78%
New Orleans Saints
76%
Seattle Seahawks
70%
No matching quizzes found
Score Distribution
Percent of People with Each Score
Percentile by Number Answered
Your Score History
You have not taken this quiz